000 00509nam a22001937a 4500
005 20230121112056.0
008 230121b ||||| |||| 00| 0 eng d
040 _cAL
041 _aeng
082 _223
_a954
_bTHAP
100 _aRomila Thapar
_969590
245 _aPast and prejudice
260 _aNew Delhi
_bNational Book Trust
_c1975
300 _a70p,
_bPB
_c20x13cm.
365 _2History
650 _aSardar Patel Memorial Lectures
_969591
700 _aTHAPAR (Romila)
_969592
942 _2ddc
_cDB
999 _c226399
_d226399